Official Languages of Bolivia - Statistics

General Stats
  • This quiz has been taken 7 times
  • The average score is 4 of 37
Answer Stats
Language Family Answer % Correct
Romance Spanish
100%
Aymaran Aymara
75%
Tupian Guarani
75%
Quechuan Quechua
75%
Chiquitano
25%
Tacana
25%
Matacoan Weenhayek
25%
Yuqui
25%
Pano-Tacanan Araona
0%
Zamucoan Ayoreo
0%
Arawakan Baure
0%
Isolate Canichana
0%
Cavineña
0%
Cayubaba
0%
Chácobo
0%
Unknown Chimané
0%
Ese Ejja
0%
Guarayu
0%
Ignaciano
0%
Chapacuran Itene
0%
Itonama
0%
Mixed Puquina-Quechua Kallawaya
0%
Leco
0%
Mosetén
0%
Movima
0%
Pakawara
0%
Puquina
0%
Reyesano
0%
Sirionó
0%
Tapieté
0%
Toromona
0%
Trinitario
0%
Uru–Chipaya
0%
Warázu
0%
Yaminawa
0%
Yine
0%
Yuracaré
0%
No matching quizzes found
Score Distribution
Percent of People with Each Score
Percentile by Number Answered
Your Score History
You have not taken this quiz